[Event "Kirchberg op 7th"]
[Site "Kirchberg"]
[Date "2019.08.29"]
[Round "4"]
[White "Stadler, Peter"]
[Black "Mayrhofer, Martin"]
[Result "1/2-1/2"]
[WhiteElo "2055"]
[BlackElo "1815"]
[PlyCount "87"]
[EventDate "2019.08.26"]
[EventType "swiss"]
[EventRounds "7"]
[EventCountry "AUT"]
[SourceTitle "EXT 2020"]
[Source "ChessBase"]
[SourceDate "2019.10.17"]
[SourceVersion "1"]
[SourceVersionDate "2019.10.17"]
[SourceQuality "1"]

1. Nf3 d5 2. c4 c6 3. e3 Nf6 4. b3 g6 5. Bb2 Bg7 6. Qc2 Bf5 7. d3 Nbd7 8. Nbd2 0-0 9. h3 dxc4 10. bxc4 c5 11. g4 Be6 12. Be2 Nb8 13. Ng5 Qd6 14. f4 Nc6 15. a3 Bd7 16. Kf2 e5 17. Nde4 Nxe4+ 18. Nxe4 Qc7 19. fxe5 Nxe5 20. Raf1 Bc6 21. Bxe5 Bxe5 22. Bf3 f5 23. gxf5 Rxf5 24. Ke2 Raf8 25. Nd2 Bxf3+ 26. Rxf3 Rxf3 27. Nxf3 Bf4 28. e4 Qd6 29. Qb3 Bh6 30. e5 Qc6 31. Rf1 b6 32. Qd1 Qe6 33. h4 Bg7 34. Kd2 Bxe5 35. Nxe5 Rxf1 36. Qxf1 Qxe5 37. Qh3 Qb2+ 38. Ke3 Qd4+ 39. Ke2 Qb2+ 40. Ke3 Qd4+ 41. Kd2 Qf4+ 42. Ke2 Qe5+ 43. Kd2 Qb2+ 44. Ke3 1/2-1/2

[Event "Oberoesterreich-ch op"]
[Site "Haid/Ansfelden"]
[Date "2018.03.28"]
[Round "6"]
[White "Kuran, Wilfried"]
[Black "Mayrhofer, Martin"]
[Result "0-1"]
[WhiteElo "1858"]
[BlackElo "1687"]
[PlyCount "80"]
[EventDate "2018.03.23"]
[EventType "swiss"]
[EventRounds "9"]
[EventCountry "AUT"]
[SourceTitle "EXT 2021"]
[Source "ChessBase"]
[SourceDate "2020.10.23"]
[SourceVersion "1"]
[SourceVersionDate "2020.10.23"]
[SourceQuality "1"]

1. e4 c5 2. Nf3 Nc6 3. d4 cxd4 4. Nxd4 Nf6 5. Nc3 e5 6. Ndb5 d6 7. Bg5 a6 8. Na3 b5 9. Nd5 Be7 10. Bxf6 Bxf6 11. c3 0-0 12. Nc2 Bg5 13. Bd3 Be6 14. Nce3 Bxe3 15. Nxe3 Ne7 16. 0-0 d5 17. Qe2 f6 18. a4 dxe4 19. Bxe4 Rb8 20. axb5 axb5 21. Rfd1 Qb6 22. g3 Rfd8 23. Kg2 f5 24. Rxd8+ Rxd8 25. Bd3 Qc6+ 26. Kg1 Rb8 27. Ra7 Nc8 28. Ra5 Nd6 29. Qc2 g6 30. Qe2 f4 31. Nc2 Bh3 32. Ne1 Nc4 33. Bxc4+ Qxc4 34. Qd3 Qxd3 35. Nxd3 Rd8 36. f3 Rxd3 37. Rxb5 Rxf3 38. Rb8+ Kg7 39. Rb7+ Kh6 40. gxf4 Rf1# 0-1